01262nam a2200241Ia 4500001000600000003000900006008004100015040001300056040001300069041001300082100002100095100002900116245002800145245002800173250001100201260001400212260002100226260004900247300005500296500061400351650002400965650003100989A0845IT-RoPAU130308s9999 xx 000 0 und d aIT-RoPAU cIT-RoPAU aFRANCESE aDeledalle Gerard gCodice Aut. SPICS: 6203 aLire peirce aujourd'Hui bLire peirce Aujourd'Hui a1a ed. aBRUXELLES bDe Boeck/Wesmael c1990 [1° Ed.:1990 - Ed.Ling.Originale:1990] a"222 p. (prefazione: 4; testo: 218 [pagine: 0-0])" aLista delle Edizioni degli scritti di Peirce. Charles S. Peirce: l'uomo e le Sue Opere. pensiero di peirce e suo Posto nella Storia delle Idee. Filosofia di Peirce. peirce e le guide Intellettuali della Filosofia Europea Oggi. peirce e la Filosofia marxista Leninista. Semiotica di peirce Come Metalinguaggio del funzionamento del Segno. peirce e la Semiotica Greca. Semiotica e Semiologia. peirce e Saussure. Malintesi Semiotici. peirce e Lady Welby. Charles Morris e Peirce. Epistemologia Logica e Semiotica. Attualità dell'epistemologia di Peirce. Abduzione Induzione e Deduzione. della Realtà di Dio. aSAGGI DI SEMIOLOGIA eCodice materia Spics: 3257